000
00235nam a2200097Ia 4500
001
707613
005
20250826162511.0
008
250824s9999 xx 000 0 und d
245
0
_a
ALTIN IŞIK
_c
ZİYA GÖKALP
260
_b
TİMAŞ YAYINLARI
999
_c
707613
_d
707613